000 00639cam a2200229 4500500
005 20260405001421.0
041 _afre
042 _adc
100 1 0 _aMattéi, Jean-François
_eauthor
245 0 0 _aLe sacre des simulacres
260 _c2013.
500 _a91
690 _a3D
690 _aJean Baudrillard
690 _aLa République
690 _aPlaton
690 _aSimulacre
690 _aUnivers
690 _aVirtuel
786 0 _nPhilosophie magazine | 66 | 2 | 2013-02-01 | p. 53-55 | 1951-1787
856 4 1 _uhttps://shs.cairn.info/magazine-philosophie-magazine-2013-2-page-53?lang=fr&redirect-ssocas=7080
999 _c2047420
_d2047420